00476nam a22001577a 450000500170000001000150001702000260003203500140005803700130007208200130008510000210009824500720011926000430019127000540023430000300028820151001110203.0 aENG-113716 a9788170546160c600.00 aEN- 97248 bDBAD/PUB a306.4812 aGulshetty, B. S. aWorld socilogy of leasure and tourism studies /cby B. S. Gulshetty aNew DelhibClassical Publishing c2014 a28, Shopping Centre, KarampurabNew Delhie110015 ax,222p. :c22cm(Hb)bill.